Types of Clouds: Sudden Death - Statistics

General Stats
  • This quiz has been taken 36 times
  • The average score is 7 of 19
Answers on the Grid
Answers color-coded by a green-red scale on the quiz's grid according to % correct below.
cumulonimbus
column
cirrostratus
cirrocumulus
asperitas
sistine
wafian
altostratus
nimbostratus
stratus
cirriform nacreus
stratocumulus
cumulus mediocris
cumulus humilis
encounter
burlus mamatus
lava pillow
armaggeddon
cumulus meriana
cirrus
draped clouds
cumulus congestus
stratus spiritus
altocumulus oceanus
lenticular
fallstreak
heavy light
Kevin helmholtz
roll
anvil
 
Answer Stats
Answer % Correct
cumulonimbus
80%
stratocumulus
76%
nimbostratus
68%
cirrocumulus
64%
cirrostratus
64%
cirrus
56%
stratus
56%
altostratus
44%
cumulus congestus
32%
cumulus humilis
28%
cumulus mediocris
24%
cirriform nacreus
20%
lenticular
16%
roll
16%
anvil
12%
fallstreak
8%
Kevin helmholtz
8%
sistine
4%
wafian
4%
No matching quizzes found
Score Distribution
Percent of People with Each Score
Percentile by Number Answered
Your Score History
You have not taken this quiz